Guide to effective coaching : principles & practice /

Bibliographic Details
Other Authors: Jones, Billie Jo
Format: Book
Language:English
Published: Boston : Allyn and Bacon, [1988]
Edition:2nd ed.
Subjects:

MARC

Tag First Indicator Second Indicator Subfields
LEADER 00000cam a2200000 a 4500
001 in00000024789
005 20151007054412.0
008 870513s1988 maua 00100 eng
010 |a  87014416  
020 |a 0205111955 
035 |a (OCoLC)15792399 
035 |9 AAB4947AM 
040 |a DLC  |c DLC  |d TXA  |d UtOrBLW 
049 |a TXAM  |c [A11060167] 
050 0 0 |a GV711  |b .G87 1988 
082 0 |a 796/.07/7  |2 19 
245 0 0 |a Guide to effective coaching :  |b principles & practice /  |c Billie J. Jones [and others]. 
250 |a 2nd ed. 
264 1 |a Boston :  |b Allyn and Bacon,  |c [1988] 
264 4 |c ©1988 
300 |a xiv, 399 pages :  |b illustrations ;  |c 25 cm. 
336 |a text  |b txt  |2 rdacontent 
337 |a unmediated  |b n  |2 rdamedia 
338 |a volume  |b nc  |2 rdacarrier 
500 |a Includes index. 
650 0 |a Coaching (Athletics) 
700 1 |a Jones, Billie Jo. 
730 0 |a Effective coaching. 
999 |a MARS 
999 f f |s e12502d2-1909-32ce-b8ac-c62c6936552d  |i 8b5a60cd-6b5f-32cb-a77a-65e19153ef94  |t 0 
952 f f |p ric  |a Texas A&M University  |b Rellis Campus  |c Joint Library Facility  |d Remote Storage  |t 0  |e GV711 .G87 1988  |h Library of Congress classification  |i unmediated -- volume  |m A14811060167 
998 f f |a GV711 .G87 1988  |t 0  |l Remote Storage